Normal view
MARC view
- Reinforced concrete construction.
Entry Topical Term
001 - CONTROL NUMBER
- control field: 26932
003 - CONTROL NUMBER IDENTIFIER
- control field: NUST
005 - DATE AND TIME OF LATEST TRANSACTION
- control field: 20191213122842.0
008 - FIXED-LENGTH DATA ELEMENTS
- fixed length control field: 191213|| aca||aabn | a|a d
040 ## - CATALOGING SOURCE
- Original cataloging agency: NUST
- Transcribing agency: NUST
150 ## - HEADING--TOPICAL TERM
- Topical term or geographic name entry element: Reinforced concrete construction.
670 ## - SOURCE DATA FOUND
- Source citation: Work cat.: (NUST)0: Ramaswamy, G. S., 1923- 26930, Design and construction of concrete shell roofs, [1968]
